00599nam a22002177a 4500003000500000005001700005008004100022010001000063011001000073020001800083035001100101040000900112082001600121100003200137245010900169260003000278300001100308650001900319650002800338650001500366CHAP20220329143418.0090521s2007 sp r 00010 spa d a96213 a97185 a9788478274796 a107848 cCHAP04a303.69bR811 aRozenblum de Horowitz, Sara10aMediación :bconvivencia y resolución de conflictos en la comunidadc/por Sara Rozenblum de Horowitz aBarcelona :bGraóc2007 a160 p.14aComunicación14aConducta (Psicología)14aViolencia.